000 00333cam a22001217a 4500
008 180718b1994 xxu||||| |||| 00| 0 eng d
082 _aXA4601x5461 B/1994
100 _aIndia. Rajya Sabha Secretariat
245 _aDelhi rent bill
260 _aNew Delhi
_bThe author
_c1994
300 _a56p.
650 _aRent control - India - Delhi
999 _c483747
_d483747